AH International Schools' Libraries

See inside Pirate Ships / (Record no. 48738)

MARC details
000 -LEADER
fixed length control field 00457nam a2200145 4500
020 ## - INTERNATIONAL STANDARD BOOK NUMBER
International Standard Book Number 9780746070048
100 ## - MAIN ENTRY--PERSONAL NAME
Personal name Jones, Rob Lloyd,
Relator term author.
9 (RLIN) 83908
245 ## - TITLE STATEMENT
Title See inside Pirate Ships /
Statement of responsibility, etc by Rob Lloyd Jones and Jorg Muhle.
260 ## - PUBLICATION, DISTRIBUTION, ETC. (IMPRINT)
Place of publication, distribution, etc London :
Name of publisher, distributor, etc Usborne Publishing Ltd. ;
Date of publication, distribution, etc 2007.
300 ## - PHYSICAL DESCRIPTION
Extent 16 pages.
Dimensions 8.7 x 0.71 x 11.14 inches.
490 ## - SERIES STATEMENT
Series statement An Usborne Flap Books
650 ## - SUBJECT ADDED ENTRY--TOPICAL TERM
9 (RLIN) 74737
Topical term or geographic name as entry element Pirates.
650 ## - SUBJECT ADDED ENTRY--TOPICAL TERM
9 (RLIN) 2903
Topical term or geographic name as entry element Sea stories.
942 ## - ADDED ENTRY ELEMENTS (KOHA)
Source of classification or shelving scheme
Koha item type Book
Holdings
Withdrawn status Lost status Source of classification or shelving scheme Damaged status Not for loan Home library Current library Date acquired Total Checkouts Full call number Barcode Date last seen Date checked out Price effective from Koha item type
          Logos International School Logos International School 03/26/2025 4 J 910.45 JON 040573 12/12/2025 12/05/2025 03/26/2025 Book

For any Logos Library related questions please contact Miss Art at swongnarasuk@asianhope.org.

For any Asian Hope Library related questions please contact Miss Raza at graza@asianhope.org.

Click here to explore our ebooks!

Powered by Koha